| 000 | 00421nam a2200181Ia 4500 | ||
|---|---|---|---|
| 008 | 180207s9999 xx 000 0 und d | ||
| 020 | _a9789810785703 | ||
| 050 | _bB642 2013 | ||
| 100 | _aBland, Nick | ||
| 245 | 4 | _aThe very brave bear / | |
| 245 | _cby Nick Bland. | ||
| 260 | _aNew York : | ||
| 260 | _bScholastic, | ||
| 260 | _c2013 | ||
| 300 | _aunpaged : | ||
| 300 | _bchiefly colored ; | ||
| 300 | _c25cm. | ||
| 999 |
_c355664 _d355664 |
||